Zeszyty naukowe Uniwersytetu Jagiellońskiego Studia religiologica
| Format: | Serial |
|---|---|
| Language: | Polish English German Russian |
| Published: |
Kraków
Uniwersytet Jagielloński
1977-
|
MARC
| LEADER | 00000cas a2200000 a 4500 | ||
|---|---|---|---|
| 001 | vtls001221793 | ||
| 003 | SK-MaSNL | ||
| 005 | 20260221122923.0 | ||
| 008 | 960412d19779999pl r m 0 0b0pol c | ||
| 035 | |a SNK000167065 | ||
| 040 | |a SNK |b slo |c SNK |e AACR2 | ||
| 041 | 0 | |a pol |a eng |a ger |a rus | |
| 044 | |a pl |c PL | ||
| 210 | 0 | |a Zesz. nauk. Uniw. Jagiell., Stud. religiolog. | |
| 222 | 0 | |a Zeszyty naukowe Uniwersytetu Jagiellonskiego. Studia religiologica | |
| 245 | 0 | 0 | |a Zeszyty naukowe Uniwersytetu Jagiellońskiego |p Studia religiologica |
| 246 | 3 | 0 | |a Studia religiologica |
| 260 | |a Kraków |b Uniwersytet Jagielloński |c 1977- | ||
| 310 | |a 4x ročne |b 2012- | ||
| 321 | |a 1x ročne |b 1977-2011 | ||
| 362 | 0 | |a Zesz. 1 (1977)- | |
| 910 | |a snk | ||
| 999 | |c 9601 |d 11531 | ||
| 952 | |0 0 |1 1 |4 0 |7 0 |a SNK |b SNK |d 1996-09-16 |i snkV 1639/96 |l 0 |o snkČC 1316/Ľ/1995/28 |p 17A0010283 |r 2005-01-01 00:00:00 |t zoš. 28 |w 2026-02-21 |y PREZ | ||


